Tourism, Real Estate Development and Depeasantisation in Latin America = Turismo, desarrollo inmobiliario y descampesinización en América Latina /
Este texto estudia el turismo residencial y cómo este transforma las sociedades y economías rurales,. Analiza, entre otros cambios, la conversión de la tierra de vocación agraria en suelo urbanizable, incorporando en el mercado de tierras a nuevos agentes (inversores inmobiliarios, clientes que adq...
Guardado en:
| Hovedforfatter: | |
|---|---|
| Andre forfattere: | |
| Format: | Bog |
| Sprog: | Spanish |
| Fag: | |
| Online adgang: | texto completo desde el sitio de la revista |
| Tags: |
Tilføj Tag
Ingen Tags, Vær først til at tagge denne postø!
|
MARC
| LEADER | 00000nam a22000007a 4500 | ||
|---|---|---|---|
| 003 | cru CIDCACS/IIS | ||
| 005 | 20211202161126.0 | ||
| 007 | ta | ||
| 008 | 191121s2018 ne ||||| |||| 00| 0 spa|| | ||
| 040 | |c cru CIDCACS/IIS | ||
| 100 | 1 | |a Gascón, Jordi |9 8804 | |
| 245 | 1 | |a Tourism, Real Estate Development and Depeasantisation in Latin America = |b Turismo, desarrollo inmobiliario y descampesinización en América Latina / |c Jordi Gascón, Claudio Milano | |
| 300 | |a páginas 21-38 | ||
| 520 | |a Este texto estudia el turismo residencial y cómo este transforma las sociedades y economías rurales,. Analiza, entre otros cambios, la conversión de la tierra de vocación agraria en suelo urbanizable, incorporando en el mercado de tierras a nuevos agentes (inversores inmobiliarios, clientes que adquieren residencia…). Estos dos factores generan un incremento del precio del suelo que muchas veces impulsa la crisis de las actividades agrarias tradicionales y estimula la emigración de la población local, por lo cual el artículo examina cómo tiene lugar este proceso. Pretende responder a partir de interrogantes como ¿Es el simple mecanismo de la oferta y la demanda? ¿Actúan también otros factores económicos y políticos? Para ello se toman en consideración tres casos puntuales en sudamérica, uno en Brasil y dos en Ecuador, en los que el turismo residencial se encuentra en diferentes fases de desarrollo. SCA/021221 | ||
| 650 | 0 | |9 1265 |a TURISMO | |
| 650 | 0 | |9 1193 |a MIGRACION URBANA RURAL | |
| 650 | 0 | |9 1182 |a URBANISMO | |
| 651 | 0 | |9 387 |a BRASIL | |
| 651 | 0 | |9 74 |a ECUADOR | |
| 700 | 1 | |9 8805 |a Milano, Claudio | |
| 773 | 0 | |0 19150 |9 2908 |a Centro de Estudios Latinoamericanos y Documentación |d Amsterdam, Países Bajos Centro de Estudios Latinoamericanos y Documentación |o 17047 |t Revista Europea de Estudios Latinoamericanos y El Caribe = |x 09240608 | |
| 856 | |u https://www.erlacs.org/articles/abstract/10.18352/erlacs.10313/ |y texto completo desde el sitio de la revista | ||
| 942 | |2 ddc |c PP | ||
| 999 | |c 42625 |d 42625 | ||
